Strategie úspěchu /

Guardado en:
Detalles Bibliográficos
Autor principal: Richardsonová, Linda (Autor)
Formato: Libro
Lenguaje:checo
Publicado: Praha : Victoria Publishing, a.s, 1992
Etiquetas: Agregar Etiqueta
Sin Etiquetas, Sea el primero en etiquetar este registro!

MARC

LEADER 00000nam a22000003a 4500
001 stu27366
005 20150617225740.0
008 940215s1992----cs------------------cze-d
020 |a 80-85605-21-X 
040 |a STU  |b slo 
041 0 |a cze 
044 |a cs 
080 |a 658.8 
080 |a 159.9 
100 1 |a Richardsonová, Linda  |4 aut 
245 1 |a Strategie úspěchu /  |c [aut]Richardsonová,Linda 
260 |a Praha :  |b Victoria Publishing, a.s,  |c 1992 
300 |a 134 s 
996 |b 284V027450  |c V*41728/O-17749  |l VVT  |s A  |a 24  |w stu27366_0001